Statistics for Forest Animals by SVG #1

Click here to take the quiz!

General Stats

  • This quiz has been taken 64 times
  • The average score is 6 of 10

Answer Stats

SVGAnimal% Correct
Bear
98%
Beaver
91%
Deer
85%
Bison
79%
Hare
74%
Boar
70%
Capybara
64%
Groundhog
19%
Mink
11%
Desman
6%

Score Distribution

Percentile by Number Answered

Percent of People with Each Score

Your Score History

You have not taken this quiz